A development project on small botanical garden of the forestry facul within royal university of agriculture, (គំរោងអភិវឌ្ឍន៍សួនរុក្ខជាតិទ្រង់ទ្រាយតូច​របស់មហាវិទ្យាល័យភូមិន្ទកសិកម្ម) (Record no. 1962)

000 -LEADER
fixed length control field 00685nam a22001577a 4500
003 - CONTROL NUMBER IDENTIFIER
control field OSt
005 - DATE AND TIME OF LATEST TRANSACTION
control field 20151111110626.0
008 - FIXED-LENGTH DATA ELEMENTS--GENERAL INFORMATION
fixed length control field 151005b xxu||||| |||| 00| 0 eng d
040 ## - CATALOGING SOURCE
Transcribing agency RUA
082 ## - DEWEY DECIMAL CLASSIFICATION NUMBER
Classification number FOR SAR 2004 B130 Or.1
100 ## - MAIN ENTRY--PERSONAL NAME
9 (RLIN) 2078
Personal name SAR MAKARA
245 ## - TITLE STATEMENT
Title A development project on small botanical garden of the forestry facul within royal university of agriculture, (គំរោងអភិវឌ្ឍន៍សួនរុក្ខជាតិទ្រង់ទ្រាយតូច​របស់មហាវិទ្យាល័យភូមិន្ទកសិកម្ម)
260 ## - PUBLICATION, DISTRIBUTION, ETC. (IMPRINT)
Place of publication, distribution, etc. phnom penh
Name of publisher, distributor, etc. rua
Date of publication, distribution, etc. 2004
300 ## - PHYSICAL DESCRIPTION
Extent x, 50p.
Other physical details ill.
Dimensions 29cm.
942 ## - ADDED ENTRY ELEMENTS (KOHA)
Source of classification or shelving scheme
Koha item type FOR
Holdings
Price effective from Date last seen Permanent Location Not for loan Date acquired Source of classification or shelving scheme Koha item type Lost status Withdrawn status Date last checked out Total Checkouts Shelving location Damaged status Barcode Current Location Full call number
2015-10-052015-10-05Library Block B 2015-10-05 FOR    B130 RUA008568Library Block BAVM SAR 2004 B130 Or.1
2015-11-112015-11-11Library Block B 2015-11-11 FOR    B130 RUA41582Library Block BFOR SAR 2004 B130 Or.2
2015-11-112015-11-11Library Block B 2015-11-11 FOR    B130 RUA41125Library Block BFOR SAR 2004 B130 Or.3
2015-11-112015-11-11Library Block B 2015-11-11 FOR    B130 RUA41392Library Block BFOR SAR 2004 B130 Or.4
2015-11-112023-09-22Library Block B 2015-11-11 FOR  2023-09-063B130 RUA42144Library Block BFOR SAR 2004 B130 Or.5
2015-11-112023-01-24Library Block B 2015-11-11 FOR  2023-01-101B130 RUA42028Library Block BFOR SAR 2004 B130 Or.6
មជ្ឈមណ្ឌលឯការនៃសាកលវិទ្យាល័យភូមិន្ទកសិកម្មចំការដូង

Powered by Koha